Biomass energy centre (Record no. 120565)

MARC details
000 -LEADER
fixed length control field 01018cam a2200181 4500
001 - CONTROL NUMBER
control field L136292
008 - FIXED-LENGTH DATA ELEMENTS--GENERAL INFORMATION
fixed length control field 070123n 000 0 eng u
035 ## - SYSTEM CONTROL NUMBER
System control number (Sirsi) u136292
041 0# - LANGUAGE CODE
Language code of text/sound track or separate title eng
110 1# - MAIN ENTRY--CORPORATE NAME
Corporate name or jurisdiction name as entry element Forestry Commission
9 (RLIN) 804
245 00 - TITLE STATEMENT
Title Biomass energy centre
Medium [electronic resource]
520 ## - SUMMARY, ETC.
Summary, etc. Provides advice and guidance on a wide range of biomass fuels and conversion technologies. Gives information on some of the properties, pros and cons of biomass fuels; highlights issues to consider when planning biomass systems, production and supply; explains the attributes of fuel sources, processing equipment and conversion technologies; and provides resources including publications and links.
590 ## - LOCAL NOTE (RLIN)
Local note KA
651 #4 - SUBJECT ADDED ENTRY--GEOGRAPHIC NAME
Geographic name United Kingdom
Chronological subdivision
690 ## - LOCAL SUBJECT ADDED ENTRY--TOPICAL TERM (OCLC, RLIN)
Topical term or geographic name as entry element ENVIRONMENTAL AND LAND CONSULTANCY-ENERGY-RENEWABLE ENERGY
856 40 - ELECTRONIC LOCATION AND ACCESS
Uniform Resource Identifier <a href="https://www.biomassenergycentre.org.uk/portal/page?_pageid=73,1&_dad=portal&_schema=PORTAL">https://www.biomassenergycentre.org.uk/portal/page?_pageid=73,1&_dad=portal&_schema=PORTAL</a>
Public note View the website free of charge at www.biomassenergycentre.org.uk...
942 ## - ADDED ENTRY ELEMENTS (KOHA)
Suppress in OPAC 0
Holdings
Withdrawn status Lost status Source of classification or shelving scheme Damaged status Not for loan Home library Current library Shelving location Date acquired Total Checkouts Full call number Barcode Date last seen Copy number Price effective from Koha item type
    Dewey Decimal Classification     Virtual Virtual Online 23/01/2007   WEB SITE 136292-1001 06/08/2019 1 06/08/2019 Online material